Filosofía y formación ética y ciudadana ii /

Guardado en:
Autor Principal: Tauber, Ricardo
Otros Autores: Brain, Mariana, Melo, Adrián
Formato: Libro
Publicado: Buenos Aires : A-z, 2001
Materias:
Etiquetas: Agregar Etiqueta
Sin Etiquetas, Sea el primero en etiquetar este registro!
LEADER 01274nam a22003015a 4500
001 CEM.cems010893
008 130507s2001##################000#0#####d
005 20211216161241.0
003 CEMS
245 1 0 |a Filosofía y formación ética y ciudadana ii /  |c  Ricardo Tauber , Mariana Brain y Adrián Melo 
260 |a Buenos Aires :  |b A-z,  |c 2001 
300 |a 292 p. 
500 |a Incluye apéndice: historia docuemntal del pensamiento constitucional. Para 2° año Polimodal 
505 0 |a La dimensión social del conocimiento -- El problema del conocimiento científico -- Lógica -- La vida política -- La Constitución Nacional -- El problema estético -- Ciudadanía y participación -- La protección de los derechos humanos -- El acceso a la justicia 
020 |a 9505346883 
100 1 |a Tauber, Ricardo 
700 1 |a Brain, Mariana 
700 1 |a Melo, Adrián 
082 0 4 |a Z320 
653 |a Formación ética y ciudadana 
653 |a Formación ética y ciudadana-polimodal 
653 |a Lógica 
653 |a Conocimiento 
653 |a Ciudadanía 
653 |a Derechos humanos 
653 |a Constitución 
859 |a CEMS  |b BIB. CEMS - Agricultura  |h 320  |i T191  |p A0605.05  |t Ej.1  |v 2  |3 2 
859 |a CEMS  |b BIB. CEMS - 11 de abril  |h 320  |i T191  |p 21637.02  |t Ej.1  |v II  |3 II